Tourism trends wordwide. / (Record no. 2541)
[ view plain ]
| 000 -LEADER | |
|---|---|
| fixed length control field | 00871nam a22001697a 4500 |
| 008 - FIXED-LENGTH DATA ELEMENTS--GENERAL INFORMATION | |
| fixed length control field | 120831t xxu||||| |||| 00| 0 eng d |
| 020 ## - INTERNATIONAL STANDARD BOOK NUMBER | |
| International Standard Book Number | 9788183292177 |
| 100 ## - MAIN ENTRY--PERSONAL NAME | |
| Personal name | Sharma, Upasana |
| 245 ## - TITLE STATEMENT | |
| Title | Tourism trends wordwide. / |
| Statement of responsibility, etc. | Upasana Sharma and Vandana Yadav |
| 260 ## - PUBLICATION, DISTRIBUTION, ETC. | |
| Place of publication, distribution, etc. | New Delhi: |
| Name of publisher, distributor, etc. | Shree Publishers and distribution, |
| Date of publication, distribution, etc. | 2007. |
| 300 ## - PHYSICAL DESCRIPTION | |
| Extent | 270 p.: |
| Dimensions | 20cm. |
| 500 ## - GENERAL NOTE | |
| General note | Includes bibliographical references, glossary and index. |
| 505 ## - FORMATTED CONTENTS NOTE | |
| Formatted contents note | Contents: Tourism: An overview -- Educational tourism -- Space tourism -- Culture tourism -- Adventure tourism -- Medical tourism -- Sustainable tourism -- Tourism in developing world -- Tourism and sustainable use of biological resources -- The Other side -- Tourism today: Major challenges -- Initiatives and experiences of tourism watch -- Appendices. |
| 650 ## - SUBJECT ADDED ENTRY--TOPICAL TERM | |
| Topical term or geographic name entry element | Tourism. |
| 700 ## - ADDED ENTRY--PERSONAL NAME | |
| Personal name | Yadav, Vandana |
| 942 ## - ADDED ENTRY ELEMENTS (KOHA) | |
| Source of classification or shelving scheme | Library of Congress Classification |
| Koha item type | Books |
| Withdrawn status | Lost status | Source of classification or shelving scheme | Damaged status | Not for loan | Home library | Current library | Shelving location | Date acquired | Total Checkouts | Barcode | Date last seen | Copy number | Price effective from | Koha item type |
|---|---|---|---|---|---|---|---|---|---|---|---|---|---|---|
| Library of Congress Classification | WISCONSIN INTERNATIONAL UNIVERSITY COLLEGE, GHANA - MAIN LIBRARY | WISCONSIN INTERNATIONAL UNIVERSITY COLLEGE, GHANA - MAIN LIBRARY | Reference | 19/11/2012 | 6755/12 | 19/11/2012 | 1 | 19/11/2012 | Books |
